La flaqueza del bolchevique / (Record no. 187593)

MARC details
000 -LEADER
campo de control de longitud fija 00746nam a2200241 i 4500
001 - NÚMERO DE CONTROL
campo de control 187593
003 - IDENTIFICADOR DE NÚMERO DE CONTROL
campo de control ES-MaACL
005 - FECHA Y HORA DE LA ÚLTIMA TRANSACCIÓN
campo de control 20231214150955.0
008 - DATOS DE LONGITUD FIJA--INFORMACIÓN GENERAL
campo de control de longitud fija 171204s2004 sp |||| | spa d
020 ## - NÚMERO INTERNACIONAL ESTÁNDAR DEL LIBRO
Número Internacional Estándar del Libro 84-233-3496-1
080 ## - NÚMERO DE LA CLASIFICACIÓN DECIMAL UNIVERSAL
Número de la Clasificación Decimal Universal 821.134.2-31"19"
100 0# - ENTRADA PRINCIPAL--NOMBRE DE PERSONA
Nombre de persona Silva, Lorenzo,
Fechas asociadas al nombre 1966-
9 (RLIN) 106376
245 13 - MENCIÓN DEL TÍTULO
Título La flaqueza del bolchevique /
Mención de responsabilidad, etc. Lorenzo Silva.
250 ## - MENCION DE EDICION
Mención de edición 4ª ed.
260 ## - PUBLICACIÓN, DISTRIBUCIÓN, ETC.
Lugar de publicación, distribución, etc. Barcelona :
Nombre del editor, distribuidor, etc. Destino,
Fecha de publicación, distribución, etc. 2004.
300 ## - DESCRIPCIÓN FÍSICA
Extensión 184 p. ;
Dimensiones 18 cm.
490 1# - MENCIÓN DE SERIE
Mención de serie Novela Booket ;
Designación de volumen o secuencia 2128.
586 ## - NOTA DE PREMIOS
Nota de premios Finalista Premio Nadal 1997
830 ## - PUNTO DE ACCESO ADICIONAL DE SERIE-TÍTULO UNIFORME
Título uniforme Novela (Colección Booket)
Designación de volumen o secuencia 2128
9 (RLIN) 234505
852 ## - LOCALIZACIÓN
Ubicación ES-MaACL
Número de control de estantería A-14112
itemnumber 194679
Sublocalización o colección R.151264
Ubicación en estantería Depósito 1
Signatura antigua Olim: N-7112
942 ## - ELEMENTOS DE ENTRADA SECUNDARIOS (KOHA)
Fuente del sistema de clasificación o colocación Clasificación decimal universal
Tipo de ítem Koha Libro impreso
Holdings
Estatus retirado Estado de pérdida Fuente del sistema de clasificación o colocación Estado de daño No para préstamo Biblioteca de origen Biblioteca actual Ubicación en estantería Fecha de adquisición Fuente de adquisición Total de préstamos Signatura topográfica completa Código de barras Visto por última vez Precio de reemplazo Tipo de ítem Koha
    Clasificación decimal universal     Biblioteca del Ateneo de Madrid Biblioteca del Ateneo de Madrid Depósito 1 04/12/2017 Donación   A-14112 1198145 23/02/2023 23/02/2023 Libro impreso